000 00842cpmaa2200253 4500
001 mm 78000043
003 DLC
005 20260227111619.0
008 781215|||||||||||| eng
010 _amm 78000043
040 _aDLC
_cDLC
_edacs
_dDLC
072 7 _aW
_2lcmd
100 1 _aAngell, James Burrill,
_d1829-1916.
245 0 0 _aJames Burrill Angell correspondence,
_f1865.
300 _a1
_fitem.
506 0 _aOpen to research.
545 0 _aEducator and diplomat.
546 _aCollection material in English.
580 _aForms part of: Miscellaneous Manuscripts collection.
656 7 _aDiplomats.
_2itoamc
656 7 _aEducators.
_2itoamc
999 _c39524
_d39524